Economic prospects - January -July 2001 (Record no. 101169)

MARC details
000 -LEADER
fixed length control field 00615cam a2200241 4500
001 - CONTROL NUMBER
control field J110949
008 - FIXED-LENGTH DATA ELEMENTS--GENERAL INFORMATION
fixed length control field 000000n2001 000 0 eng u
035 ## - SYSTEM CONTROL NUMBER
System control number (Sirsi) u110949
050 ## - LIBRARY OF CONGRESS CALL NUMBER
Classification number 330.941
110 ## - MAIN ENTRY--CORPORATE NAME
Corporate name or jurisdiction name as entry element Strutt & Parker
9 (RLIN) 2509
245 ## - TITLE STATEMENT
Title Economic prospects - January -July 2001
260 ## - PUBLICATION, DISTRIBUTION, ETC.
Place of publication, distribution, etc. London
Name of publisher, distributor, etc. Strutt and Parker
Date of publication, distribution, etc. 2001
300 ## - PHYSICAL DESCRIPTION
Extent 3 pt. ; 30cm.
650 ## - SUBJECT ADDED ENTRY--TOPICAL TERM
Topical term or geographic name entry element RENTS
650 ## - SUBJECT ADDED ENTRY--TOPICAL TERM
Topical term or geographic name entry element YIELDS
650 ## - SUBJECT ADDED ENTRY--TOPICAL TERM
Topical term or geographic name entry element OFFICES
650 ## - SUBJECT ADDED ENTRY--TOPICAL TERM
Topical term or geographic name entry element RETAIL PROPERTY
650 ## - SUBJECT ADDED ENTRY--TOPICAL TERM
Topical term or geographic name entry element INDUSTRIAL PROPERTY
650 ## - SUBJECT ADDED ENTRY--TOPICAL TERM
Topical term or geographic name entry element TELECOMS INDUSTRY
650 ## - SUBJECT ADDED ENTRY--TOPICAL TERM
Topical term or geographic name entry element ECONOMIC ISSUES
690 ## - LOCAL SUBJECT ADDED ENTRY--TOPICAL TERM (OCLC, RLIN)
Topical term or geographic name as entry element COMMERICAL PROPERTY
942 ## - ADDED ENTRY ELEMENTS (KOHA)
Suppress in OPAC 0
Holdings
Withdrawn status Lost status Source of classification or shelving scheme Damaged status Not for loan Home library Current library Shelving location Date acquired Total Checkouts Full call number Barcode Date last seen Date last checked out Copy number Price effective from Koha item type
    Dewey Decimal Classification     London London Property market reports 15/02/2001 1 PROPERTY MARKET REPORTS 30063605 06/08/2019 28/02/2001 1 06/08/2019 Book
    Dewey Decimal Classification     London London Property market reports 08/06/2001   PROPERTY MARKET REPORTS 30064545 06/08/2019   2 06/08/2019 Book
    Dewey Decimal Classification     London London Property market reports 15/08/2001   PROPERTY MARKET REPORTS 30064826 06/08/2019   3 06/08/2019 Book